Filmy Toma Hanksa według zdjęcia - Statystyki

Ogólne statystyki
  • Ten quiz został rozwiązany 50 razy
  • Średni wynik to 8 z 16
Statystyki odpowiedzi
Obrazkowy Odpowiedź % Poprawnych
Forrest Gump
100%
Zielona mila
100%
Szeregowiec Ryan
86%
Cast Away: Poza światem
75%
Kod Da Vinci
73%
Złap mnie, jeśli potrafisz
59%
Kapitan Phillips
55%
Apollo 13
52%
Terminal
52%
Filadelfia
43%
Bezsenność w Seattle
32%
Sully
25%
Duży
23%
Ich własna liga
11%
Turner i Hooch
7%
Wieczór kawalerski
2%
Nie znaleziono quizów pasujących do podanych kryteriów
Rozkład punktacji
Procent ludzi z każdym wynikiem
Percentyl według liczby udzielonych odpowiedzi
Twoja historia wyników
Nie rozwiązałeś tego quizu